Statistics for 25 Countries with the highest Gini score with Exceptions (richest to the poorest income ratio)

Click here to take the quiz!

General Stats

  • This quiz has been taken 24 times
  • The average score is 10 of 25

Answer Stats

%Country% Correct
48.2Mexico
82%
50.7Panama
68%
48.7Guatemala
68%
60.8Haiti
64%
46.9Dominican Republic
64%
53.3Belize
59%
50.6Honduras
59%
48.5Costa Rica
59%
45.5Jamaica
55%
46.3Venezuela
50%
46.6Nicaragua
50%
46.1Malaysia
45%
57.6Suriname
32%
44.5Guyana
32%
56.2Central African Republic
27%
43.3Chad
27%
43.0Philippines
27%
45.5South Sudan
23%
50.7Guinea-Bissau
18%
46.0Togo
18%
43.5Benin
18%
45.1Djibouti
14%
43.2Côte d'Ivoire
14%
47.3The Gambia
9%
43.2The Former Yugoslav Republic of Macedonia
9%

Score Distribution

Percentile by Number Answered

Percent of People with Each Score

Your Score History

You have not taken this quiz